<?xml version="1.0" encoding="UTF-8"?>
<record
    xmlns:xsi="http://www.w3.org/2001/XMLSchema-instance"
    xsi:schemaLocation="http://www.loc.gov/MARC21/slim http://www.loc.gov/standards/marcxml/schema/MARC21slim.xsd"
    xmlns="http://www.loc.gov/MARC21/slim">

  <leader>00783nam a2200193   4500</leader>
  <datafield tag="999" ind1=" " ind2=" ">
    <subfield code="c">844</subfield>
    <subfield code="d">844</subfield>
  </datafield>
  <controlfield tag="001">1198</controlfield>
  <controlfield tag="005">20190912093740.0</controlfield>
  <controlfield tag="008">190912b           ||||| |||| 00| 0 eng d</controlfield>
  <datafield tag="090" ind1="0" ind2="0">
    <subfield code="a">342.07 E381d 2008 </subfield>
  </datafield>
  <datafield tag="110" ind1=" " ind2=" ">
    <subfield code="a">Election Commission of Bhutan.</subfield>
  </datafield>
  <datafield tag="245" ind1="0" ind2="0">
    <subfield code="a">&#xF60;&#xF56;&#xFB2;&#xF74;&#xF42;&#xF0B;&#xF42;&#xF72;&#xF0B;&#xF56;&#xF59;&#xF42;&#xF0B;&#xF60;&#xF50;&#xF74;&#xF60;&#xF72;&#xF0B;&#xF56;&#xF45;&#xF60;&#xF0B;&#xF41;&#xFB2;&#xF72;&#xF58;&#xF66;&#xF0B;&#xF22;&#xF20;&#xF20;&#xF27;&#xF0B; &#xF45;&#xF53;&#xF0B;&#xF58;&#xF0D;</subfield>
    <subfield code="b">Election Act of the Kingdom of Bhutan, 2008 /</subfield>
    <subfield code="c">Election Commission of Bhutan.</subfield>
  </datafield>
  <datafield tag="246" ind1=" " ind2=" ">
    <subfield code="a">Election Act of the Kingdom of Bhutan, 2008.</subfield>
  </datafield>
  <datafield tag="260" ind1="0" ind2="0">
    <subfield code="a">Thimphu :</subfield>
    <subfield code="b">Election Commission of Bhutan,</subfield>
    <subfield code="c">2008.</subfield>
  </datafield>
  <datafield tag="300" ind1="0" ind2="0">
    <subfield code="a">x, 198 p.</subfield>
  </datafield>
  <datafield tag="500" ind1=" " ind2=" ">
    <subfield code="a">Electronic copy available on RTC Cloud in "Library" folder</subfield>
  </datafield>
  <datafield tag="500" ind1="0" ind2="0">
    <subfield code="a">In Dzongkha and English.</subfield>
  </datafield>
  <datafield tag="650" ind1="0" ind2="0">
    <subfield code="a">Election law --Bhutan.</subfield>
  </datafield>
  <datafield tag="942" ind1=" " ind2=" ">
    <subfield code="2">ddc</subfield>
    <subfield code="c">DZONGKHA</subfield>
  </datafield>
  <datafield tag="952" ind1=" " ind2=" ">
    <subfield code="0">0</subfield>
    <subfield code="1">0</subfield>
    <subfield code="2">ddc</subfield>
    <subfield code="4">0</subfield>
    <subfield code="7">0</subfield>
    <subfield code="8">PERIODICALS</subfield>
    <subfield code="a">RTCLIB</subfield>
    <subfield code="b">RTCLIB</subfield>
    <subfield code="c">PERIODICALS</subfield>
    <subfield code="h"> </subfield>
    <subfield code="i">4331</subfield>
    <subfield code="l">0</subfield>
    <subfield code="o">Periodicals Series</subfield>
    <subfield code="p">30004036</subfield>
    <subfield code="r">2018-11-27 00:00:00</subfield>
    <subfield code="t">5</subfield>
    <subfield code="w">2018-11-27</subfield>
    <subfield code="y">PERIODICAL</subfield>
  </datafield>
  <datafield tag="952" ind1=" " ind2=" ">
    <subfield code="0">0</subfield>
    <subfield code="1">0</subfield>
    <subfield code="2">ddc</subfield>
    <subfield code="4">0</subfield>
    <subfield code="7">0</subfield>
    <subfield code="8">REFERENCE</subfield>
    <subfield code="a">RTCLIB</subfield>
    <subfield code="b">RTCLIB</subfield>
    <subfield code="c">REFERENCE</subfield>
    <subfield code="d">2024-03-25</subfield>
    <subfield code="h"> </subfield>
    <subfield code="i">2080</subfield>
    <subfield code="l">0</subfield>
    <subfield code="o">342  ELE</subfield>
    <subfield code="p">30002768</subfield>
    <subfield code="r">2024-03-25 00:00:00</subfield>
    <subfield code="t">3</subfield>
    <subfield code="w">2018-11-27</subfield>
    <subfield code="y">REFERENCE</subfield>
  </datafield>
  <datafield tag="952" ind1=" " ind2=" ">
    <subfield code="0">0</subfield>
    <subfield code="1">0</subfield>
    <subfield code="2">ddc</subfield>
    <subfield code="4">0</subfield>
    <subfield code="7">0</subfield>
    <subfield code="8">DZONGKHA</subfield>
    <subfield code="a">RTCLIB</subfield>
    <subfield code="b">RTCLIB</subfield>
    <subfield code="c">DZONGKHA</subfield>
    <subfield code="d">2022-01-12</subfield>
    <subfield code="h"> </subfield>
    <subfield code="i">2079</subfield>
    <subfield code="l">3</subfield>
    <subfield code="o">342 ELE</subfield>
    <subfield code="p">30002766</subfield>
    <subfield code="r">2022-01-12 00:00:00</subfield>
    <subfield code="s">2020-11-13</subfield>
    <subfield code="t">4</subfield>
    <subfield code="w">2018-11-27</subfield>
    <subfield code="y">DZONGKHA</subfield>
  </datafield>
  <datafield tag="952" ind1=" " ind2=" ">
    <subfield code="0">0</subfield>
    <subfield code="1">0</subfield>
    <subfield code="2">ddc</subfield>
    <subfield code="4">0</subfield>
    <subfield code="7">0</subfield>
    <subfield code="8">PERIODICALS</subfield>
    <subfield code="a">RTCLIB</subfield>
    <subfield code="b">RTCLIB</subfield>
    <subfield code="c">PERIODICALS</subfield>
    <subfield code="h"> </subfield>
    <subfield code="i">4330</subfield>
    <subfield code="l">0</subfield>
    <subfield code="o">Periodicals Series</subfield>
    <subfield code="p">30004031</subfield>
    <subfield code="r">2018-11-27 00:00:00</subfield>
    <subfield code="t">2</subfield>
    <subfield code="w">2018-11-27</subfield>
    <subfield code="y">PERIODICAL</subfield>
  </datafield>
  <datafield tag="952" ind1=" " ind2=" ">
    <subfield code="0">0</subfield>
    <subfield code="1">0</subfield>
    <subfield code="2">ddc</subfield>
    <subfield code="4">0</subfield>
    <subfield code="7">0</subfield>
    <subfield code="8">PERIODICALS</subfield>
    <subfield code="a">RTCLIB</subfield>
    <subfield code="b">RTCLIB</subfield>
    <subfield code="c">PERIODICALS</subfield>
    <subfield code="h"> </subfield>
    <subfield code="i">4329</subfield>
    <subfield code="l">0</subfield>
    <subfield code="o">Periodicals Series</subfield>
    <subfield code="p">30004025</subfield>
    <subfield code="r">2018-11-27 00:00:00</subfield>
    <subfield code="t">1</subfield>
    <subfield code="w">2018-11-27</subfield>
    <subfield code="y">PERIODICAL</subfield>
  </datafield>
</record>
